| 000 | 00642nam a2200229 i 4500 | ||
|---|---|---|---|
| 001 | 82559 | ||
| 003 | ES-MaACL | ||
| 005 | 20230906174708.0 | ||
| 007 | t| | ||
| 008 | 041111s1973 sp ||||1| spa d | ||
| 080 | _a396 | ||
| 100 | 1 |
_aImizcoz, Beatriz. _965221 |
|
| 245 | 1 | 4 |
_aLos círculos del sexo / _cBeatriz Imizcoz. |
| 260 |
_a[Madrid : _bEditora Nacional, _c1973] |
||
| 300 |
_a329 p. ; _c23 cm. |
||
| 490 | 1 | _aMundos abiertos | |
| 650 | 0 | 4 |
_aMujeres- _xSituación social. _915317 |
| 830 | 0 |
_aMundos abiertos _9231599 |
|
| 852 |
_aES-MaACL _jC-54848 _bR.87570 |
||
| 852 |
_aES-MaACL _jE-5340 _bR.89586 |
||
| 999 |
_c82559 _d82559 |
||